Prehľad vysokých škôl v akademickom roku 2023/2024

Uložené v:
Podrobná bibliografia
Médium: Kniha
Jazyk:Slovak
Vydavateľské údaje: Bratislava Centrum vedecko-technických informácií SR 2023
Predmet:
Tagy: Pridať tag
Žiadne tagy, Buďte prvý, kto otaguje tento záznam!

MARC

LEADER 00000nam a2200000 4500
001 0298095
005 20240130105348.5
041 0 |a slo 
044 |a SK 
245 1 0 |a Prehľad vysokých škôl v akademickom roku 2023/2024 
264 1 |a Bratislava  |b Centrum vedecko-technických informácií SR  |c 2023 
300 |a 169 s. 
610 2 0 |a školy vysoké 
610 2 0 |a univerzity 
610 2 0 |a vzdelávanie vysokoškolské 
610 2 0 |a odbory študijné 
610 2 0 |a Slovensko